00435pab a2200133 454500008004000000100002100040245012600061260000900187300001400196362000800210650001900218650002100237773004300258180718b2007 xxu||||| |||| 00| 0 eng d aMorgan, Rhiannon aOn political institutions and social movement dynamics: the case of the United nations and the global indigenous movement c2007 ap.273-92. aJun aUnited Nations aSocial movements aInternational Political Science Review